| Tag |
First Indicator |
Second Indicator |
Subfields |
| LEADER |
00000cam a22000008a 4500 |
| 001 |
in00000089432 |
| 005 |
20151008063444.0 |
| 008 |
810601s1981 mauab b 00110 eng |
| 010 |
|
|
|a 81009585
|
| 020 |
|
|
|a 0821211307 :
|c $32.50
|
| 035 |
|
|
|a (OCoLC)07577393
|
| 035 |
|
|
|9 AAK2265AM
|
| 039 |
0 |
|
|a 2
|b 3
|c 3
|d 3
|e 3
|
| 040 |
|
|
|a DLC
|c DLC
|d TXA
|d UtOrBLW
|
| 043 |
|
|
|a aw-----
|
| 049 |
|
|
|a TXAM
|c [1442268]
|
| 050 |
0 |
0 |
|a DS44.5
|b .V32
|
| 082 |
0 |
|
|a 915.6/041
|2 19
|
| 100 |
1 |
|
|a Vaczek, Louis Charles.
|
| 245 |
1 |
0 |
|a Travelers in ancient lands :
|b a portrait of the Middle East, 1839-1919 /
|c Louis Vaczek, Gail Buckland.
|
| 250 |
|
|
|a 1st ed.
|
| 263 |
|
|
|a 8110
|
| 264 |
|
1 |
|a Boston :
|b New York Graphic Society,
|c [1981]
|
| 264 |
|
4 |
|c ©1981
|
| 300 |
|
|
|a xxi, 202 pages :
|b illustrations, map ; 27 cm.
|
| 336 |
|
|
|a text
|b txt
|2 rdacontent
|
| 337 |
|
|
|a unmediated
|b n
|2 rdamedia
|
| 338 |
|
|
|a volume
|b nc
|2 rdacarrier
|
| 500 |
|
|
|a Includes index.
|
| 504 |
|
|
|a Bibliography: page 189.
|
| 651 |
|
0 |
|a Middle East
|v Pictorial works.
|
| 700 |
1 |
|
|a Buckland, Gail.
|
| 999 |
|
|
|a MARS
|
| 999 |
f |
f |
|s 5d5c373d-3aed-3417-9789-d106c4bcbce4
|i fc6a978f-f9c2-3f71-ae39-b5fbe0c9dd23
|t 0
|
| 952 |
f |
f |
|p ric
|a Texas A&M University
|b Rellis Campus
|c Joint Library Facility
|d Remote Storage
|t 0
|e DS44.5 .V32
|h Library of Congress classification
|i unmediated -- volume
|m A14806100122
|
| 998 |
f |
f |
|a DS44.5 .V32
|t 0
|l Remote Storage
|